Biometria dúhovky

Gespeichert in:
Bibliographische Detailangaben
1. Verfasser: Halač, Ľubomír (Verfasst von)
Weitere Verfasser: Sýs, Marek (Betreuung Doktorarbeit)
Format: Manuskript Buch
Sprache:Slowakisch
Veröffentlicht: 2017
Schlagworte:
Online-Zugang:http://is.stuba.sk/zp/portal_zp.pl?podrobnosti=102760
Tags: Tag hinzufügen
Keine Tags, Fügen Sie das erste Tag hinzu!

MARC

LEADER 00000ntm a22000003a 4500
001 stuzp50016
003 SK-STU
005 20170727092604.9
007 ta
008 150427s2015----xo-----f-mn---000-0-slo-d
040 |a STU  |b slo 
041 0 |a slo 
044 |a xo 
100 1 |a Halač, Ľubomír  |u 035000  |4 aut  |U FEI Fakulta elektrotechniky a informatiky  |T FEI Ústav informatiky a matematiky  |X 8415  |U E050  |Y 816  |7 8415 
242 0 1 |a Iris recognition  |y eng 
245 1 0 |a Biometria dúhovky 
260 |c 2017 
300 |a 44 s.,  |b DVD 
650 4 |a biometria dúhovky  |2 slo 
650 4 |a extrakcia príznakov dúhovky  |2 slo 
650 4 |a simulované žíhanie  |2 slo 
650 4 |a iris recognition  |2 eng 
650 4 |a feature extraction  |2 eng 
650 4 |a simulated annealing  |2 eng 
700 1 |a Sýs, Marek  |u 035000  |k Z8  |4 ths  |U FEI Fakulta elektrotechniky a informatiky  |T FEI Ústav informatiky a matematiky  |X 42580  |U E050  |Y 816  |7 A000042580 
856 4 |u http://is.stuba.sk/zp/portal_zp.pl?podrobnosti=102760 
996 |b 284ER02449  |c E*Bc- 2449  |l EE35  |s P  |a 0  |w stuzp50016_0001